| 000 | 01102nam0a22002771 4500 | ||
|---|---|---|---|
| 001 | rc\2803758 | ||
| 005 | 20250806210425.0 | ||
| 035 | _a(NLR Aleph) 006929748 | ||
| 090 |
_a34302 _c34302 |
||
| 100 | _a20110915d1944 u y0rusy50 ca | ||
| 101 | 0 | _arus | |
| 102 | _aRU | ||
| 105 | _aa z ||||| | ||
| 200 | 1 |
_aИзготовление электродов для дуговой электросварки _fИнж. Н. А. Тархов |
|
| 210 |
_aМосква _aСвердловск _cМашгиз _d1944 _eМосква _gОбразцовая тип. и тип. Упр. делами СНК СССР |
||
| 215 |
_a123 с. _cил., черт. _d22 см. |
||
| 300 | _aРаздел "Тонкое измельчение" написан. инж. Н. М. Сергеевым | ||
| 700 | 1 |
_aТархов _bН.А. _gНиколай Алексеевич |
|
| 702 | 1 |
_aСергеев _bН.М. _4570 |
|
| 801 | 0 |
_aRU _bNLR _gpsbo |
|
| 801 | 1 |
_aRU _bELAR _2rusmarc |
|
| 852 |
_aNLR _jТ20 Г-5/53 |
||
| 942 | _cBOOK | ||
| 945 | _aРоссийская национальная библиотека | ||
| 980 | _aNB | ||
| 980 | _aBV | ||